<?xml version='1.0' encoding='UTF-8'?>
  <record xmlns="http://www.loc.gov/MARC21/slim">
    <leader>00000cam a22000007i 4500</leader>
    <controlfield tag="001">ocm80051035</controlfield>
    <controlfield tag="003">OCoLC</controlfield>
    <controlfield tag="005">20250202002127.6</controlfield>
    <controlfield tag="008">960622s1580    gw            000 0 ger d</controlfield>
    <datafield tag="040" ind1=" " ind2=" ">
      <subfield code="a">HLS</subfield>
      <subfield code="b">eng</subfield>
      <subfield code="e">rda</subfield>
      <subfield code="e">dcrmr</subfield>
      <subfield code="c">HLS</subfield>
      <subfield code="d">OCLCQ</subfield>
      <subfield code="d">OCLCG</subfield>
      <subfield code="d">OCLCO</subfield>
      <subfield code="d">OCLCQ</subfield>
      <subfield code="d">OCLCO</subfield>
      <subfield code="d">OCLCL</subfield>
      <subfield code="d">QGJ</subfield>
      <subfield code="d">OCLCO</subfield>
      <subfield code="d">OCLCA</subfield>
      <subfield code="d">OCLCQ</subfield>
      <subfield code="d">OCLCF</subfield>
      <subfield code="d">OCLCO</subfield>
    </datafield>
    <datafield tag="035" ind1=" " ind2=" ">
      <subfield code="a">(OCoLC)80051035</subfield>
    </datafield>
    <datafield tag="110" ind1="1" ind2=" ">
      <subfield code="a">Saxony (Electorate),</subfield>
      <subfield code="e">author.</subfield>
      <subfield code="4">aut</subfield>
    </datafield>
    <datafield tag="245" ind1="1" ind2="0">
      <subfield code="a">Instruction. Welcher gestalt in des durchlauchtigsten Hochgebornen Fürsten vnd Herren, Herrn Augusti, Hertzogen zu Sachssen, des heiligen Römischen Reichs Ertzmarschalhn vnd Churfürsten, Landgraffen in Döringen, Marggraffen zu Meissen, vnd Burggraffen zu Magdeburg, Vnd desselben Schutzuorwandten Landen vnd Gebiethen, Järlichen Christliche Visitation, der Kirchen vnd Schulen, gehalten werden sol.</subfield>
    </datafield>
    <datafield tag="246" ind1="3" ind2=" ">
      <subfield code="a">Instrvction. Welcher gestalt in des durchlauchtigsten Hochgebornen Fürsten und Herren, Herrn Augusti, Hertzogen zu Sachssen</subfield>
    </datafield>
    <datafield tag="264" ind1=" " ind2="1">
      <subfield code="a">Dreszden. :</subfield>
      <subfield code="b">Gedruckt durch Matthes Stöckel.,</subfield>
      <subfield code="c">M.D.LXXX. [1580]</subfield>
    </datafield>
    <datafield tag="300" ind1=" " ind2=" ">
      <subfield code="a">28 unnumbered leaves ;</subfield>
      <subfield code="c">19 cm (4to)</subfield>
    </datafield>
    <datafield tag="336" ind1=" " ind2=" ">
      <subfield code="a">text</subfield>
      <subfield code="b">txt</subfield>
      <subfield code="2">rdacontent</subfield>
    </datafield>
    <datafield tag="337" ind1=" " ind2=" ">
      <subfield code="a">unmediated</subfield>
      <subfield code="b">n</subfield>
      <subfield code="2">rdamedia</subfield>
    </datafield>
    <datafield tag="338" ind1=" " ind2=" ">
      <subfield code="a">volume</subfield>
      <subfield code="b">nc</subfield>
      <subfield code="2">rdacarrier</subfield>
    </datafield>
    <datafield tag="340" ind1=" " ind2=" ">
      <subfield code="m">4to</subfield>
      <subfield code="2">rdabf</subfield>
    </datafield>
    <datafield tag="500" ind1=" " ind2=" ">
      <subfield code="a">Title page in red and black.</subfield>
    </datafield>
    <datafield tag="500" ind1=" " ind2=" ">
      <subfield code="a">A woodcut illustration of a putto holding the Electorate of Saxony's coats of arms on title page.</subfield>
    </datafield>
    <datafield tag="500" ind1=" " ind2=" ">
      <subfield code="a">Signatures: A⁶ B-F⁴ G².</subfield>
    </datafield>
    <datafield tag="500" ind1=" " ind2=" ">
      <subfield code="a">With initials, printed marginalia and a tail-piece.</subfield>
    </datafield>
    <datafield tag="510" ind1="4" ind2=" ">
      <subfield code="a">Verzeichnis der im deutschen Sprachbereich erschienenen Drucke des 16. Jahrhunderts (VD 16),</subfield>
      <subfield code="c">S 878</subfield>
      <subfield code="u">https://gateway-bayern.de/VD16+S+878</subfield>
    </datafield>
    <datafield tag="650" ind1=" " ind2="0">
      <subfield code="a">Ecclesiastical law</subfield>
      <subfield code="z">Germany</subfield>
      <subfield code="z">Saxony.</subfield>
    </datafield>
    <datafield tag="650" ind1=" " ind2="0">
      <subfield code="a">Educational law and legislation</subfield>
      <subfield code="z">Germany</subfield>
      <subfield code="z">Saxony.</subfield>
    </datafield>
    <datafield tag="650" ind1=" " ind2="6">
      <subfield code="a">Droit ecclésiastique</subfield>
      <subfield code="z">Allemagne</subfield>
      <subfield code="z">Saxe.</subfield>
    </datafield>
    <datafield tag="650" ind1=" " ind2="7">
      <subfield code="a">Ecclesiastical law</subfield>
      <subfield code="2">fast</subfield>
    </datafield>
    <datafield tag="650" ind1=" " ind2="7">
      <subfield code="a">Educational law and legislation</subfield>
      <subfield code="2">fast</subfield>
    </datafield>
    <datafield tag="651" ind1=" " ind2="7">
      <subfield code="a">Germany</subfield>
      <subfield code="z">Saxony</subfield>
      <subfield code="2">fast</subfield>
      <subfield code="1">https://id.oclc.org/worldcat/entity/E39PBJxrRTK7BBrjRGC6Hpvfv3</subfield>
    </datafield>
    <datafield tag="700" ind1="0" ind2=" ">
      <subfield code="a">August,</subfield>
      <subfield code="c">Elector of Saxony,</subfield>
      <subfield code="d">1526-1586,</subfield>
      <subfield code="e">author.</subfield>
      <subfield code="4">aut</subfield>
      <subfield code="1">https://id.oclc.org/worldcat/entity/E39PBJfh3YWgFdq8Rfw44CTyh3</subfield>
    </datafield>
    <datafield tag="700" ind1="1" ind2=" ">
      <subfield code="a">Stöckel, Matthes,</subfield>
      <subfield code="d">active 1542-1586,</subfield>
      <subfield code="e">printer.</subfield>
      <subfield code="4">prt</subfield>
    </datafield>
    <datafield tag="752" ind1=" " ind2=" ">
      <subfield code="a">Germany</subfield>
      <subfield code="d">Dresden,</subfield>
      <subfield code="e">publication place.</subfield>
      <subfield code="4">pup</subfield>
    </datafield>
  </record>